Riconosci il Calciatore - Quiz n°1222 - Statistics

Statistiche generali
  • Questo quiz è stato fatto 7 volte
  • Il punteggio medio è 20 su 28
Statistiche sulle risposte
Indizio Risposta % Corretto
Data di nascita 19/12/1994
86%
Ruolo Attaccante
86%
Squadra di club 1 Caen 2 2010-2011
86%
Squadra di club 15 Empoli 2024-
86%
Nazionalità Francia / Senegal
86%
Trofei per club Supercoppa italiana: 1 Milan: 2016 Coppa di Francia: 1 Rennes: 2018-2019
86%
Altezza 184 cm
71%
Presenze in nazionale 23
71%
Gol in nazionale 4
71%
Peso 75 kg
71%
Gol nei club 92
71%
Squadra di club 14 Adana Demirspor 2023-2024
71%
Squadra di club 11 Al-Ahli 2021-2021
71%
Squadra di club 13 Auxerre 2022-2023
71%
Squadra di club 12 Bordeux 2021-2022
71%
Squadra di club 2 Caen 2011-2012
71%
Squadra di club 6 Genoa 2014-2015
71%
Squadra di club 3 Milan 2012-2014
71%
Squadra di club 5 Milan 2014-2015
71%
Squadra di club 7 Milan 2015-2017
71%
Squadra di club 4 Montepellier 2014-2014
71%
Squadra di club 10 Rennes 2018-2021
71%
Squadra di club 9 Torino 2017-2018
71%
Squadra di club 8 Watford 2017-2017
71%
Trofei per nazionali 0
57%
Trofei individuali 0
57%
Presenze nei club 386
57%
Calciatore M'Baye Niang
57%
Nessun quiz corrispondente trovato
Distribuzione punteggi
Percentuale di utenti per punteggio
Percentile per numero di risposta
I tuoi punteggi nel tempo
Non hai fatto questo quiz